| 000 | 00498nam a2200193Ia 4500 | ||
|---|---|---|---|
| 008 | 180207s9999 xx 000 0 und d | ||
| 020 | _a9789812744890 | ||
| 050 | _bA374 [2001] | ||
| 100 | _aAlexander, Adrian | ||
| 245 | 4 | _aThe birthday present / | |
| 245 | _cwritten and illustrated by Adrian Alexander. | ||
| 260 | _aSingapore : | ||
| 260 | _bTeachers @ Work, | ||
| 260 | _c[2001] | ||
| 300 | _a24 pages : | ||
| 300 | _bcolor illustration ; | ||
| 300 | _c21cm. | ||
| 440 | _aShapeys. | ||
| 999 |
_c355659 _d355659 |
||